000 00454nam a2200181Ia 4500
003 GCL
008 140319s9999 xx 000 0 eng d
040 _aGCL /
_cGCL
082 0 4 _a951.9042
_bS T
100 1 _aSMITH, CARTER
245 1 0 _aTHE KOREAN WAR /
_cSMITH, CARTER
260 _a[S.N] :
_bSILVER BURDETT PRESS INC ،
_c1990
300 _a64 P
650 0 4 _aJUVENILE LITERATURE
650 0 4 _aHISTORY
650 0 4 _aKOREAN WAR
942 _2ddc
_cBK
999 _c19274
_d19274